LDR 00711nam a2200181 i 4500 001 000000211594 003 CaOOAMICUS 005 20260401161221.0 008 120307n it u000 u mul u 040 $aSeMil$bita 245 10$a1: Spagnolo - Italiano. 300 $aXXIV, 1127 p. 773 0 $aAmbruzzi, Lucio$tNuovo dizionario spagnolo-italiano e italiano-spagnolo.$dTorino : Paravia, 1973.$b7. ed. accresciuta, aggiornata e corretta.$g1$w()26413 850 $aSeMil 852 $aSeMil$W1$xVenegono$y1$m1P V 10/1$j269571$B162034$CSeMilBibl$Z2$F175939 $81 961 $aOmaggio: De Grandi don Marcello 996 $6245$a1: Spagnolo - Italiano$9(OLS)http://semarc/title/458958